000 00591cam a2200205 4500
001 D6314
008 090401t1978 xxu||||| |||| 00| 0 eng d
035 _a(Sirsi) u232
041 _aeng
050 _a692.8
100 _aKeating, D.
245 _aBuilding contracts: including a commentary on the J.C.T. Standard Form of Building Contract. With a commentary on the I.C.E. conditions of Contract by John Uff
250 _a4th
260 _aLondon
_bSweet and Maxwell
_c1978
300 _alix. 660p. 25cm
350 _a19
520 _aShelf 314
942 _n0
948 _c04/03/1997
999 _c85495
_d85495